merlin bbc - Statistics

General Stats
  • This quiz has been taken 51 times
  • The average score is 10 of 17
Answer Stats
Indice Answer % Correct
Son fils Arthur
95%
Médecin de la Cour Gaius
87%
Roi de camelot Uther
85%
Chevalier de la Table Ronde ayant tué le griffon Lancelot
79%
Druide sauver par merlin Mordred
69%
Nom de Merlin chez les Druides Emrys
67%
premier Chevalier de la Table Ronde Léon
64%
Amour de Merlin Freya
56%
Chevalier de la Table Ronde frere de la reine Elyan
49%
Épée forgé par le grand dragon Excalibur
49%
Le nom du grand dragon Kilgharrah
44%
La pupille du roi Morganne
44%
sa soeur Morgause
44%
Sorciere de l’ile fortuné Nimue
41%
Chevalier de la Table Ronde le plus puissant perceval
31%
sa femme Guenièvre
28%
Chevalier de la Table Ronde Bannit de camelot Gauvain
21%
No matching quizzes found
Score Distribution
Percent of People with Each Score
Percentile by Number Answered
Your Score History
You have not taken this quiz